000 01053nam a2200301 i 4500
003 EG-GICUC
005 20260301135544.0
008 260301s1949 sz ||||fr|||| 00| 0 fre d
040 _aEG-GiCUC
_bfre
_cEG-GiCUC
_dEG-GiCUC
_eRda
082 0 4 _221
_a341.48
_bGR . P
092 0 4 _221
099 _aLaw1 11 341.48 GR . P 1949
100 1 _aGrousset, René
_eAuteur
245 1 0 _aPour Un Nouvel Humanisme :
_bTextes Des Conférences Et Des Entretiens Organisés Par Les Rencontres Internationales De Genève /
_cRené Grousset, Karl Barth.
_n
264 1 _aGenève :
_bÉditions De La Baconnière,
_c1949.
300 _a394page :
_billustration ;
_c 24 cm.
336 _2rda contenu
_a texte
337 _2rda medias
_aOrdinateur
338 _2 transporteur rda
_a Ressource en ligne
504 _a
546 _aTexte en français
650 1 4 _aDroit international public
_2
651 1 _2
700 1 _aBarth,Karl
_eCo-Auteur
856 4 0 _uhttps://fll.law.cu.edu.eg/fulltext/bks/B11-09198.pdf
905 _a50
942 _2ddc
_cBK
_e21
_n0
999 _c64487
_d64487